LEADER 01473cam0-22004931i-450- 001 990003819930403321 005 20051220112717.0 010 $a88-464-1770-4 035 $a000381993 035 $aFED01000381993 035 $a(Aleph)000381993FED01 035 $a000381993 100 $a20030910d1999----km-y0itay50------ba 101 0 $aita 102 $aIT 105 $ay-------001yy 200 1 $aUtili invasori$el'inserimento degli immigrati nel mercato del lavoro italiano$fMaurizio Ambrosini 210 $aMilano$cFrancoAngeli$d1999 215 $a281 p$d23 cm 300 $aIn testa al front.: Fondazione Cariplo per le iniziative e lo studio sulla multietnicità 610 0 $aImmigrati$aItalia$aMercato del lavoro 610 0 $aLavoro straniero$afenomeni migratori 610 0 $aMovimenti migratori 610 0 $aDemografia 610 0 $aItalia$aimmigrazione 676 $a304.845 676 $a040.003 676 $a331.620945 700 1$aAmbrosini,$bMaurizio$f<1956- >$035438 801 0$aIT$bUNINA$gRICA$2UNIMARC 901 $aBK 912 $a990003819930403321 952 $a304.845 AMB 1BIS$b144F$fBFS 952 $a304.845 AMB 1$b143F$fBFS 952 $a304.845 AMB 1BIS$b144$fBFS 952 $a040.003.AMB$b2350$fDECGE 952 $aXXIII-C-71$b7260$fMAS 952 $aIX A 960$b35961$fFSPBC 959 $aBFS 959 $aDECGE 959 $aMAS 959 $aFSPBC 996 $aUtili invasori$9506143 997 $aUNINA LEADER 01736nam 2200481I 450 001 9910707002103321 005 20160426143313.0 035 $a(CKB)5470000002461472 035 $a(OCoLC)947874621 035 $a(EXLCZ)995470000002461472 100 $a20160426j201601 ua 0 101 0 $aeng 135 $aurcn||||||||| 181 $ctxt$2rdacontent 182 $cc$2rdamedia 183 $acr$2rdacarrier 200 10$aUtilizing GPUs to accelerate turbomachinery CFD codes /$fWeylin MacCalla, Sameer Kulkarni 210 1$aCleveland, Ohio :$cNational Aeronautics and Space Administration, Glenn Research Center,$dJanuary 2016. 215 $a1 online resource (19 pages) $ccolor illustrations 225 1 $aNASA/TM ;$v2016-218947 300 $aTitle from title screen (viewed on April 26, 2016). 300 $a"January 2016." 320 $aIncludes bibliographical references (page 19). 517 3 $aUtilizing graphics processing units to accelerate turbomachinery computational fluid dynamics codes 606 $aCentral processing units$2nasat 606 $aComputer graphics$2nasat 606 $aComputer programs$2nasat 606 $aKernel functions$2nasat 606 $aParallel processing (computers)$2nasat 615 7$aCentral processing units. 615 7$aComputer graphics. 615 7$aComputer programs. 615 7$aKernel functions. 615 7$aParallel processing (computers) 700 $aMacCalla$b Weylin$01409504 702 $aKulkarni$b Sameer 712 02$aNASA Glenn Research Center, 801 0$bGPO 801 1$bGPO 906 $aBOOK 912 $a9910707002103321 996 $aUtilizing GPUs to accelerate turbomachinery CFD codes$93496097 997 $aUNINA LEADER 01127nas 2200397 c 450 001 9910893259703321 005 20260218112951.0 011 $a1563-0064 035 $a(CKB)5280000000194053 035 $a(DE-101)1072629526 035 $a(DE-599)ZDB2825378-4 035 $a(DE-599)2825378-4 035 $a(EXLCZ)995280000000194053 100 $a20150623a20089999 |y | 101 0 $arus 135 $aur||||||||||| 181 $ctxt$2rdacontent 182 $cc$2rdamedia 183 $acr$2rdacarrier 200 00$aRadioe?lektronika i informatika$eRI ; nauc?no-technic?eskij z?urnal$fChar'kovskij Gosudarstvennyj Technic?eskij Universitet Radioe?lektroniki 210 31$aChar'kov$d2008- 215 $aOnline-Ressource 300 $aGesehen am 23.06.15 517 3 $aRI 517 3 $aR i I 517 3 $aRadioelectronics and informatics 517 3 $aR and I 608 $aZeitschrift$2gnd-content 676 $a620 801 0$b0355 801 1$bDE-101 801 2$b9999 906 $aJOURNAL 912 $a9910893259703321 996 $aRadioe?lektronika i informatika$94266101 997 $aUNINA